| 000 | 00443nam a22001457a 4500 | ||
|---|---|---|---|
| 005 | 20160217102021.0 | ||
| 008 | 160217b xxu||||| |||| 00| 0 eng d | ||
| 040 | _cPK-LaUMT | ||
| 082 |
_aAMC 954.9150350924 _bMIR-I |
||
| 100 | _aMir Ahmad yar | ||
| 245 |
_aInside Baluchistan _ba politial autobiography of his highness baiglar baigi: khan-E-AzamXIII _cMir Ahmad yar |
||
| 260 |
_aKarachi _bRoyal book _c1975 |
||
| 300 | _a352 p. | ||
| 942 | _cBK | ||
| 999 |
_c82891 _d82891 |
||